| 000 | 00438cam a2200169ua 4500 | ||
|---|---|---|---|
| 020 | _c4.50 | ||
| 041 |
_amal _h |
||
| 082 |
_a894.812308 _bROB/CE |
||
| 100 | _aRobertson, Frank.C . | ||
| 245 |
_aCelia / _cC.Frank Robertson. _hTextual Documents |
||
| 260 |
_aErnakulam : _bKerala thilakam printing and publishing co. pvt ltd , _c1959. |
||
| 300 | _a403 ; . | ||
| 365 | _a4.50 | ||
| 504 | _a | ||
| 942 | _cBK | ||
| 999 |
_c902 _d902 |
||